000 00398nam a2200157Ia 4500
008 230917s9999||||xx |||||||||||||| ||und||
040 _e185410
_aMAIN
041 _aEnglish
082 _a942 C547O
100 _aCollingwood, R G
245 0 _aRoman Britain and the English settlements
250 _a2nd ed.
260 _aOxford,
_bClarendon Press
_c1975
300 _axxv, 515 p.
942 _cBK
999 _c182944
_d182944